Raspberry Pi: Measure, Record, Explore / (Record no. 291021)
[ view plain ]
| 000 -LEADER | |
|---|---|
| fixed length control field | 00358nam a2200133Ia 4500 |
| 008 - FIXED-LENGTH DATA ELEMENTS--GENERAL INFORMATION | |
| fixed length control field | 160227s9999 xx 000 0 und d |
| 100 ## - MAIN ENTRY--PERSONAL NAME | |
| Personal name | Maclean, M. |
| 245 ## - TITLE STATEMENT | |
| Title | Raspberry Pi: Measure, Record, Explore / |
| 245 ## - TITLE STATEMENT | |
| Statement of responsibility, etc | M. Maclean. |
| 260 ## - PUBLICATION, DISTRIBUTION, ETC. (IMPRINT) | |
| Name of publisher, distributor, etc | Leanpub. |
| 260 ## - PUBLICATION, DISTRIBUTION, ETC. (IMPRINT) | |
| Date of publication, distribution, etc | 2015 |
| 650 ## - SUBJECT ADDED ENTRY--TOPICAL TERM | |
| General subdivision | Information Technology. |
| 856 ## - ELECTRONIC LOCATION AND ACCESS | |
| Uniform Resource Identifier | <a href="https://leanpub.com/RPiMRE/read">https://leanpub.com/RPiMRE/read</a> |
No items available.